Loading...
| Science - Chemistry | 1 | 9 | 3 | 3 | 90 | 60 | 97.70 | 1 | 6 | 16.09 | 45.02 |
| Science - Other | 2 | 3 | 0 | 0 | 60 | 68 | 90.80 | 1 | 3 | 9.29 | 20.38 |
| Science - Physics | 0 | 6 | 1 | 0 | 55 | 77 | 107.67 | 0 | 1 | 11.70 | 31.92 |
| Beliefs | 1 | 4 | 1 | 0 | 50 | 66 | 100.20 | 1 | 3 | 6.08 | 16.36 |
| Literature - World | 2 | 2 | 2 | 1 | 40 | 74 | 106.00 | 0 | 1 | 8.50 | 16.15 |
| Science - Biology | 1 | 1 | 1 | 0 | 20 | 54 | 69.50 | 1 | 2 | 6.68 | 13.64 |
| History - European | 0 | 2 | 0 | 1 | 20 | 101 | 125.50 | 0 | 1 | 1.60 | 5.95 |
| Philosophy | 0 | 2 | 0 | 0 | 20 | 121 | 123.00 | 0 | 0 | 0.97 | 7.62 |
| Visual Arts | 0 | 2 | 1 | 0 | 15 | 96 | 107.50 | 1 | 2 | 3.39 | 11.49 |
| Literature - British | 0 | 1 | 0 | 0 | 10 | 103 | 103.00 | 0 | 1 | 2.10 | 3.90 |
| History - World | 0 | 1 | 0 | 0 | 10 | 116 | 116.00 | 0 | 0 | 0.67 | 3.57 |
| Social Science | 0 | 1 | 0 | 0 | 10 | 110 | 110.00 | 0 | 0 | 0.85 | 1.73 |
| Fine Arts - Other Arts | 0 | 1 | 0 | 0 | 10 | 93 | 93.00 | 0 | 1 | 2.19 | 5.71 |
| Other Academic | 0 | 0 | 1 | 0 | -5 | 0.00 | 0 | 0 | 0.00 | 0.00 | |
| Literature - European | 0 | 0 | 1 | 0 | -5 | 0.00 | 0 | 0 | 0.00 | 0.00 |